书目信息 |
| 题名: |
新型化学建材设计与制备工艺
|
|
| 作者: | 乔英杰 , 武湛君 , 关新春 主编 | |
| 分册: | ||
| 出版信息: | 北京 化学工业出版社 2003.07 |
|
| 页数: | 356页 | |
| 开本: | 26cm | |
| 丛书名: | 精细化学品配方设计与制备工艺丛书 | |
| 单 册: | ||
| 中图分类: | TU53 | |
| 科图分类: | ||
| 主题词: | 建筑材料:有机材料 , 建筑化工材料 | |
| 电子资源: | ||
| ISBN: | 7-5025-4470-4 | |
| 000 | 00849nam0 2200253 45 | |
| 001 | 0455565679 | |
| 005 | 2004042815260532 | |
| 010 | @a7-5025-4470-4@dCNY 48.00 | |
| 100 | @a20040428d2003 km y0chiy0120 ea | |
| 101 | 0 | @achi |
| 102 | @aCN@b110000 | |
| 200 | 1 | @a新型化学建材设计与制备工艺@AXin Xing Hua Xue Jian Cai She Ji Yu Zhi Bei Gong Yi@f乔英杰,武湛君,关新春主编@Fqiao ying jie,wu zhan jun,guan xin chun zhu bian |
| 210 | @a北京@c化学工业出版社@d2003.07 | |
| 215 | @a356页@d26cm | |
| 225 | 2 | @a精细化学品配方设计与制备工艺丛书 |
| 410 | 0 | @12001 @a精细化学品配方设计与制备工艺丛书 |
| 606 | 0 | @a建筑材料:有机材料 |
| 606 | 0 | @a建筑化工材料 |
| 690 | @aTU53@v3 | |
| 701 | 0 | @a乔英杰@Aqiao ying jie@4主编 |
| 701 | 0 | @a武湛君@Awu zhan jun@4主编 |
| 701 | 0 | @a关新春@Aguan xin chun@4主编 |
| 801 | 0 | @aCN@bPFT@c20040428 |
| 905 | @dTU53@eQ340 | |
| 新型化学建材设计与制备工艺/乔英杰,武湛君,关新春主编.-北京:化学工业出版社,2003.07 |
| 356页;26cm.-(精细化学品配方设计与制备工艺丛书) |
| ISBN 7-5025-4470-4:CNY 48.00 |
| ● |
| 相关链接 |
|
|
|
正题名:新型化学建材设计与制备工艺
索取号:TU53/Q340
 
预约/预借
| 序号 | 登录号 | 条形码 | 馆藏地/架位号 | 状态 | 备注 |
| 1 | 390604 | 203906041 | 建筑库201/201建筑库 8排4列4层/ [索取号:TU53/Q340] | 在馆 | |
| 2 | 390605 | 203906050 | 土木与交通工程学院资料室/土木与交通学院资料室 1排1列1层/ [索取号:TU53/Q340] | 在馆 | |
| 3 | 390738 | 203907380 | 建筑库201/201建筑库 8排4列4层/ [索取号:TU53/Q340] | 在馆 | |
| 4 | 390739 | 203907399 | 建筑库201/201建筑库 8排4列4层/ [索取号:TU53/Q340] | 在馆 | |
| 5 | 390740 | 203907406 | 土木与交通工程学院资料室/土木与交通学院资料室 1排1列1层/ [索取号:TU53/Q340] | 在馆 |